000 00777nam a2200217Ia 4500
003 GCL
008 140319s9999 xx 000 0 ara d
040 _aGCL /
_cGCL
082 0 4 _a375.001
_bج د
100 1 _aالجمعية المصرية للمناهج وطرق ا
245 1 0 _aدراسات فى المناهج وطرق التدريس: العدد الثامن - العدد العاشر /
_cالجمعية المصرية للمناهج وطرق ا
490 _aمركز الكتاب للنشر
_v0
650 0 4 _aطرق التدريس
650 0 4 _aالتعليم
650 0 4 _aالتربية
650 0 4 _aالمناهج
650 0 4 _aالتعليم - مناهج
650 0 4 _aالدوريات
650 0 4 _aالتربية الاجتماعية
942 _2ddc
_cBK
999 _c51108
_d51108